000 00747cab a2200229 4500
001 WB2621-01
008 090401t1990 xxu||||| |||| 00| 0 eng d
035 _a(Sirsi) u65754
041 _aeng
245 _aDevelopers praised for green schemes
260 _c1990
350 _a0
490 _aBuilding Design
_vvol 199 no 5857 24/5/90 p12
520 _aThe Public and Local Service Efficiency Campaign , a think-tank which examines the efficiency of local services has praised five developers for their environmentally aware schemes.
650 _aBRADFORD PROPERTY TRUST
650 _aCANVEY ISLAND
650 _aNEIL AVERY GROUP
650 _aNORTHWICK VILLAGE
690 _aBUILT ENVIRONMENT
942 _n0
948 _c04/03/1997
999 _c41041
_d41041